000 00356nam a22001697a 4500
005 20260618095612.0
020 _a9788198547804
041 _aEnglish
082 _aT10 R25 JEE
100 _aJeevabharathy K
245 _aSarithiram Pesugiradhu
250 _a01
260 _aChennai
_bNCBH
_c2025
300 _a140
365 _b130.00
942 _cBK
999 _c177928
_d177928